=LDR 00000nam 2200000 4500 =001 INLIS000000000041209 =005 20130612150745 =008 ***********************************ind** =035 ##$$0010-061300000041209 =041 ##$$a ind =082 ##$$a 813 =090 ##$$a 813, Mas p =100 ##$$a Mason, Sarah =245 ##$$a Party season/ Sarah Mason; alih bahasa, Watumesa Agustina =260 ##$$a 2011 $b Jakarta =300 ##$$a 436 hlm., 18 cm =650 ##$$a Fiksi =700 ##$$a Agustina, Watumesa =850 ##$$a NBPNMAT